Обеспечение национальной безопасности: национальные интересы Российской Федерации и стратегические национальные приоритеты (Запись № 11645709)
[ простой вид ]
| 000 -МАРКЕР | |
|---|---|
| контрольное поле | 02755nam0a2200373 4500 |
| 001 - ИДЕНТИФИКАТОР ЗАПИСИ | |
| контрольное поле | RU\NLR\BIBL_A\011429502 |
| 005 - ИДЕНТИФИКАТОР ВЕРСИИ | |
| контрольное поле | 20240921124000.0 |
| 010 ## - МЕЖДУНАРОДНЫЙ СТАНДАРТНЫЙ НОМЕР КНИГИ (ISBN) | |
| Номер (ISBN) | 9785997342548 |
| Тираж | 100 |
| 021 ## - НОМЕР ГОСУДАРСТВЕННОЙ РЕГИСТРАЦИИ | |
| Код страны | Российская Федерация |
| Номер | 2017-42493 |
| Номер Листа государственной регистраци | 3089 |
| 035 ## - ДРУГИЕ СИСТЕМНЫЕ НОМЕРА | |
| Идентификатор записи | (RuMoRGB)008908231 |
| 035 ## - ДРУГИЕ СИСТЕМНЫЕ НОМЕРА | |
| Идентификатор записи | (NLR Aleph) 011429502 |
| 100 ## - ДАННЫЕ ОБЩЕЙ ОБРАБОТКИ | |
| Данные общей обработки | 20170630d2017 k y0rusy50 ca |
| 101 0# - ЯЗЫК РЕСУРСА | |
| Язык текста, звукозаписи и т.д. | русский |
| -- | английский |
| Язык резюме | английский |
| 102 ## - СТРАНА ПУБЛИКАЦИИ ИЛИ ПРОИЗВОДСТВА | |
| Страна публикации | Российская Федерация |
| 105 ## - ПОЛЕ КОДИРОВАННЫХ ДАННЫХ: ТЕКСТОВЫЕ МАТЕРИАЛЫ, МОНОГРАФИЧЕСКИЕ | |
| Кодированные данные о монографическом текстовом документе | a z 000zy |
| 200 1# - ЗАГЛАВИЕ И СВЕДЕНИЯ ОБ ОТВЕТСТВЕННОСТИ | |
| Основное заглавие | Обеспечение национальной безопасности: национальные интересы Российской Федерации и стратегические национальные приоритеты |
| Сведения, относящиеся к заглавию | сборник трудов международной конференции [и круглого стола "Методология стратегического менеджмента: проблемы, пути решения" |
| Первые сведения об ответственности | составитель: А.Р. Багирзаде |
| Последующие сведения об ответственности | под редакцией д-ра экон. наук., проф. Л.П. Гончаренко и др.] |
| 210 ## - ПУБЛИКАЦИЯ, РАСПРОСТРАНЕНИЕ И ДР. | |
| Место издания, распространения и т.д. | Москва |
| Имя издателя, распространителя и т. д. | Спутник+ |
| Дата издания, распространения и т.д. | 2017 |
| 215 ## - ФИЗИЧЕСКАЯ ХАРАКТЕРИСТИКА | |
| Специфическое обозначение материала и объем | 238 с. |
| Другие сведения о физической характеристике | ил. |
| Размеры | 20 |
| 300 ## - ОБЩИЕ ПРИМЕЧАНИЯ | |
| Текст примечания | В надзаг.: Научно-исследовательский институт "Инновационная экономика", ФГБОУ ВО "РЭУ им. Г.В. Плеханова" |
| 300 ## - ОБЩИЕ ПРИМЕЧАНИЯ | |
| Текст примечания | Часть текста и рез. на англ. яз. |
| 300 ## - ОБЩИЕ ПРИМЕЧАНИЯ | |
| Текст примечания | Посвящается 110-ой годовщине Университета им. Г.В. Плеханова |
| 320 ## - ПРИМЕЧАНИЯ О НАЛИЧИИ В ДОКУМЕНТЕ БИБЛИОГРАФИИ / УКАЗАТЕЛЯ | |
| Текст примечания | Библиогр. в конце ст. и в подстроч. примеч. |
| 606 1# - НАИМЕНОВАНИЕ ТЕМЫ КАК ПРЕДМЕТ | |
| Наименование темы | Национальная безопасность |
| Формальный подзаголовок | Съезды, совещания и т.п |
| Тематический подзаголовок | Обеспечение |
| Географический подзаголовок | Российская Федерация |
| Системный номер авторитетной/нормативной записи | 2088713 |
| Идентификатор авторитетной/нормативной записи | RU\NLR\AUTH\661568018 |
| 686 1# - ИНДЕКСЫ ДРУГИХ КЛАССИФИКАЦИЙ | |
| Индекс | Х621.162я431 |
| 702 #1 - ИМЯ ЛИЦА - ВТОРИЧНАЯ ОТВЕТСТВЕННОСТЬ | |
| Начальный элемент ввода | Багирзаде |
| Часть имени, кроме начального элемента ввода | А. Р. |
| Код отношения | Составитель |
| 702 #1 - ИМЯ ЛИЦА - ВТОРИЧНАЯ ОТВЕТСТВЕННОСТЬ | |
| Начальный элемент ввода | Гончаренко |
| Часть имени, кроме начального элемента ввода | Л. П. |
| Расширение инициалов личного имени | Людмила Петровна |
| Код отношения | Редактор |
| 711 12 - НАИМЕНОВАНИЕ ОРГАНИЗАЦИИ - АЛЬТЕРНАТИВНАЯ ОТВЕТСТВЕННОСТЬ | |
| Начальный элемент ввода | "Обеспечение национальной безопасности: национальные интересы Российской Федерации и стратегические национальные приоритеты", международная конференция |
| Место проведения временной организации | Москва |
| Дата проведения временной организации | 2017 |
| Системный номер авторитетной/нормативной записи | 562779 |
| Идентификатор авторитетной/нормативной записи | RU\NLR\AUTH\880449605 |
| 711 12 - НАИМЕНОВАНИЕ ОРГАНИЗАЦИИ - АЛЬТЕРНАТИВНАЯ ОТВЕТСТВЕННОСТЬ | |
| Начальный элемент ввода | "Методология стратегического менеджмента: проблемы, пути решения", круглый стол |
| Место проведения временной организации | Москва |
| Дата проведения временной организации | 2017 |
| Системный номер авторитетной/нормативной записи | 562783 |
| Идентификатор авторитетной/нормативной записи | RU\NLR\AUTH\880449607 |
| 942 ## - ДОПОЛНИТЕЛЬНЫЕ ЭЛЕМЕНТЫ ЗАПИСИ (АБИС) | |
| Тип экземпляра АБИС | Книга |
| 980 ## - КОЛЛЕКЦИЯ | |
| Название коллекции | НБР |
Нет доступных экземпляров.